[Event "Top16 Chalons"]
[Site "Chalons en Champagne"]
[Date "2009.05.3"]
[Round "7.7"]
[White "Apicella, Manuel"]
[Black "Flear, Glenn C"]
[Result "1/2-1/2"]
[WhiteElo "2521"]
[BlackElo "2485"]
[WhiteTeam "Chalons en Champagne"]
[BlackTeam "Montpellier"]

1. e4 e5 2. Nf3 Nc6 3. Bb5 a6 4. Ba4 Nf6 5. O-O Be7 6. Re1 b5 7. Bb3 d6 8. c3
O-O 9. h3 Na5 10. Bc2 c5 11. d4 Qc7 12. d5 Bd7 13. Nbd2 c4 14. Nf1 Nb7 15. g4
h5 16. N3h2 g6 17. Bh6 Rfe8 18. Qf3 Qd8 19. Ne3 h4 20. Ng2 Nh7 21. Be3 Bg5 22.
Bxg5 Nxg5 23. Qe3 Kg7 24. Rf1 Nc5 25. b4 cxb3 26. axb3 a5 27. Ne1 Qf6 28. b4
axb4 29. Rxa8 Rxa8 30. cxb4 Na4 31. Kg2 Nb2 32. Nef3 Nxf3 33. Nxf3 Nc4 34. Qg5
Qxg5 35. Nxg5 Ra2 36. Rc1 Rb2 37. Bd3 Rxb4 38. Ra1 Kf6 39. Nh7+ Ke7 40. Ra7 Rb3
41. Be2 Rb2 42. Bd3 Rd2 43. Bxc4 bxc4 44. Nf6 Kxf6 45. Rxd7 c3 46. Rxd6+ Kg5
47. Rc6 Rd3 48. Rc4 Kf4 49. d6 f6 50. d7 Rxd7 51. Rxc3 Kxe4 52. Rc6 Rf7 53. g5
fxg5 54. Rxg6 Kf4 55. Rg8 e4 56. Rg6 Rf8 57. Rg7 Kf5 58. Re7 Rd8 59. Rf7+ Ke6
60. Rg7 Kf6 61. Ra7 Rd2 62. Kg1 Rd3 63. Kg2 Rd2 64. Kg1 Rb2 65. Ra8 Rb1+ 66.
Kg2 Rb2 67. Kg1 1/2-1/2

[Event "Top16 Chalons"]
[Site "Chalons en Champagne"]
[Date "2009.05.3"]
[Round "7.8"]
[White "Haussernot, Cecile"]
[Black "Cornette, Matthieu"]
[Result "0-1"]
[WhiteElo "1924"]
[BlackElo "2573"]
[WhiteTeam "Montpellier"]
[BlackTeam "Chalons en Champagne"]

1. Nc3 d5 2. e4 d4 3. Nce2 e5 4. d3 h5 5. h4 Nc6 6. g3 Nf6 7. Bg5 Bb4+ 8. Bd2
Ng4 9. Bh3 Qf6 10. Bxg4 Bxg4 11. Bxb4 Nxb4 12. Qd2 c5 13. a3 Nc6 14. f4 Qe6 15.
f5 Qd7 16. Qg5 f6 17. Qd2 Rg8 18. Kf2 g6 19. fxg6 Rxg6 20. Nf3 O-O-O 21. b4
Rdg8 22. Rhg1 Bxf3 23. Kxf3 f5 24. exf5 Qxf5+ 25. Kg2 Qg4 26. Kh2 Ne7 27. Raf1
Nf5 28. Rxf5 Qxf5 29. bxc5 Rg4 30. Rg2 Qf8 31. c6 bxc6 32. Qa5 Qe7 33. Qa6+ Qb7
34. Qc4 R8g6 35. Rf2 Qe7 36. Kh3 Rf6 37. Qa6+ Kb8 38. Rg2 Qd7 39. Kh2 Rg8 40.
Qc4 Rgf8 41. c3 Rf2 42. Nf4 exf4 43. Qb4+ Kc7 44. Qxf8 fxg3+ 0-1

[Event "Top16 Chalons"]
[Site "Chalons en Champagne"]
[Date "2009.05.3"]
[Round "7.1"]
[White "Rozentalis, Eduardas"]
[Black "Sasikiran, Krishnan"]
[Result "1/2-1/2"]
[WhiteElo "2595"]
[BlackElo "2682"]
[WhiteTeam "Strasbourg"]
[BlackTeam "Cannes"]

1. e4 c5 2. Nf3 Nc6 3. Bb5 d6 4. O-O Bd7 5. Re1 Nf6 6. h3 Ne5 7. Bxd7+ Nfxd7 8.
Nxe5 dxe5 9. d3 e6 10. Qg4 g6 11. a4 Nb8 12. Na3 Nc6 13. Nc4 Qc7 14. Be3 Bd6
15. Qh4 Be7 16. Qg3 g5 17. a5 h5 18. f3 f6 19. Qf2 Nb4 20. Red1 Rd8 21. Qe2 h4
22. c3 Nc6 23. Qf2 b6 24. axb6 axb6 25. Qc2 Kf7 26. Qb3 Rb8 27. Na3 Na5 28. Qb5
Nc6 29. Qb3 Na5 30. Qb5 Nc6 1/2-1/2

[Event "Top16 Chalons"]
[Site "Chalons en Champagne"]
[Date "2009.05.3"]
[Round "7.4"]
[White "Kazhgaleyev, Murtas"]
[Black "Varga, Peter"]
[Result "1/2-1/2"]
[WhiteElo "2626"]
[BlackElo "2446"]
[WhiteTeam "Cannes"]
[BlackTeam "Strasbourg"]

1. d4 d5 2. c4 c6 3. Nc3 Nf6 4. Nf3 dxc4 5. a4 Bf5 6. Ne5 Nbd7 7. Nxc4 Qc7 8.
g3 e5 9. dxe5 Nxe5 10. Bf4 Nfd7 11. Bg2 g5 12. Bxe5 Nxe5 13. Qd4 f6 14. Ne3 Be6
15. a5 a6 16. Ne4 Be7 17. O-O Rd8 18. Qc3 O-O 19. f4 gxf4 20. gxf4 f5 21. fxe5
fxe4 22. Bxe4 Bg5 23. Nf5 Bd2 24. Qg3+ Kh8 25. Kh1 Rg8 26. Qh4 Bg5 27. Qg3 Bd2
28. Qh4 Bg5 29. Qg3 1/2-1/2

[Event "Top16 Chalons"]
[Site "Chalons en Champagne"]
[Date "2009.05.3"]
[Round "7.5"]
[White "Roos, Daniel"]
[Black "Siebrecht, Sebastian"]
[Result "0-1"]
[WhiteElo "2425"]
[BlackElo "2433"]
[WhiteTeam "Strasbourg"]
[BlackTeam "Cannes"]

1. Nf3 Nf6 2. g3 d5 3. Bg2 c6 4. d3 Bg4 5. O-O Nbd7 6. Nbd2 e5 7. e4 dxe4 8.
dxe4 Bc5 9. c3 O-O 10. a4 a5 11. Qc2 Re8 12. Nc4 Qc7 13. Ne3 Bh5 14. Nf5 Bf8
15. h3 Nc5 16. Ne1 Qb6 17. Bg5 Nfd7 18. g4 Bg6 19. Rd1 Qc7 20. Nd3 f6 21. Be3
Bf7 22. c4 Rad8 23. g5 Ne6 24. gxf6 Nxf6 25. b3 Nh5 26. Qb2 Nef4 27. Nxf4 Nxf4
28. Qc2 Be6 29. Rxd8 Qxd8 30. Qd2 Qg5 31. Bxf4 exf4 32. h4 Qg4 33. f3 Bc5+ 34.
Kh2 Qh5 35. Qxf4 Bxf5 36. exf5 Be3 37. Qg4 Qh6 38. Rd1 Qf6 39. Rd7 Qe5+ 40. Kh1
Qa1+ 41. Kh2 Qe5+ 42. Kh1 Bf4 43. Bf1 Qa1 44. Kg1 Qe5 45. Kh1 Rf8 46. Bh3 Qe1+
47. Qg1 Qc3 48. Qd1 Qb2 49. Bg2 Qf2 0-1

[Event "Top16 Chalons"]
[Site "Chalons en Champagne"]
[Date "2009.05.3"]
[Round "7.6"]
[White "Govciyan, Pavel"]
[Black "Reinhart, Emmanuel"]
[Result "1-0"]
[WhiteElo "2412"]
[BlackElo "2329"]
[WhiteTeam "Cannes"]
[BlackTeam "Strasbourg"]

1. d4 d5 2. Nf3 Nf6 3. c4 c6 4. Qc2 dxc4 5. Qxc4 Bf5 6. g3 e6 7. Bg2 Nbd7 8.
O-O Be7 9. Nc3 O-O 10. a4 a5 11. Rd1 Bc2 12. Rd2 Nb6 13. Qa2 Bg6 14. Ne5 Nfd5
15. Nxg6 hxg6 16. Qb3 Nb4 17. Rd1 Qd7 18. e4 Rfd8 19. Be3 Qc7 20. Rac1 Rac8 21.
d5 Nd7 22. d6 Bxd6 23. Nb5 cxb5 24. Rxc7 Bxc7 25. axb5 Bb6 26. e5 Nc5 27. Rxd8+
Bxd8 28. Qd1 Be7 29. Bxb7 Rd8 30. Qxd8+ Bxd8 31. Bxc5 Nd3 32. Bd4 Bc7 33. f4
Nb4 34. Be4 Kf8 35. b6 Bd8 36. b7 Na6 37. Bc6 Nb8 38. Bb5 f6 39. Bc5+ Kf7 40.
Kf1 Bc7 41. Bd6 Bxd6 42. exd6 1-0

[Event "Top16 Chalons"]
[Site "Chalons en Champagne"]
[Date "2009.05.03"]
[Round "7.8"]
[White "Levacic, Damir"]
[Black "Nicoara, Malina"]
[Result "1-0"]
[WhiteElo "2284"]
[BlackElo "2167"]
[PlyCount "87"]
[EventDate "2009.??.??"]
[WhiteTeam "Cannes"]
[BlackTeam "Strasbourg"]

1. Nf3 Nf6 2. d4 d6 3. Nc3 d5 4. Bg5 Bf5 5. e3 c6 6. Bd3 Bxd3 7. cxd3 e6 8. Qb3
Qb6 9. Qc2 Nbd7 10. O-O Be7 11. a3 a5 12. b4 axb4 13. axb4 Rxa1 14. Rxa1 O-O
15. Rb1 Ra8 16. Na4 Qa7 17. Nc5 Bd6 18. e4 dxe4 19. dxe4 Bxc5 20. bxc5 Qa2 21.
Qxa2 Rxa2 22. h3 Ra7 23. Nd2 e5 24. Be3 exd4 25. Bxd4 Kf8 26. f3 Ra2 27. Be3
Rc2 28. Nb3 Ke8 29. Nd4 Rxc5 30. Rxb7 Kd8 31. Nf5 Rc3 32. Bg5 h6 33. Bxf6+ gxf6
34. Nxh6 Kc8 35. Ra7 Rd3 36. h4 Kb8 37. Ra2 Ne5 38. Nf5 c5 39. h5 Kc7 40. Ne7
Kb7 41. Rb2+ Ka6 42. Nd5 Rd1+ 43. Kh2 Ka5 44. Ra2+ 1-0

[Event "Top16 Chalons"]
[Site "Chalons en Champagne"]
[Date "2009.05.3"]
[Round "7.1"]
[White "Riazantsev, Alexander"]
[Black "Korneev, Oleg"]
[Result "1-0"]
[WhiteElo "2635"]
[BlackElo "2587"]
[WhiteTeam "Metz Fischer"]
[BlackTeam "Antibes"]

1. d4 d5 2. c4 e6 3. Nf3 Nf6 4. Nc3 Be7 5. Bg5 h6 6. Bh4 O-O 7. e3 Ne4 8. Bxe7
Qxe7 9. Rc1 c6 10. Bd3 Nxc3 11. Rxc3 Nd7 12. Qc2 dxc4 13. Bxc4 e5 14. O-O Re8
15. d5 Nb6 16. dxc6 bxc6 17. Rc1 Nd5 18. Ra3 a5 19. Be2 Ba6 20. Bxa6 Rxa6 21.
Qc5 Qxc5 22. Rxc5 Rb8 23. Nxe5 Rxb2 24. h3 a4 25. Nxc6 Nb4 26. Nxb4 Rb1+ 27.
Kh2 Rxb4 28. Rf5 Rc6 29. Rd3 g6 30. Rf3 Kg7 31. Rd7 Rf6 32. Rxf6 Kxf6 33. Ra7
h5 34. Kg3 h4+ 35. Kf3 g5 36. a3 Rc4 37. Ke2 Rc2+ 38. Ke1 Rc1+ 39. Kd2 Rg1 40.
Ke2 1-0

[Event "Top16 Chalons"]
[Site "Chalons en Champagne"]
[Date "2009.05.3"]
[Round "7.2"]
[White "Damljanovic, Branko"]
[Black "Postny, Evgeny"]
[Result "1/2-1/2"]
[WhiteElo "2573"]
[BlackElo "2648"]
[WhiteTeam "Antibes"]
[BlackTeam "Metz Fischer"]

1. c4 Nf6 2. Nc3 c5 3. g3 e6 4. Nf3 b6 5. Bg2 Bb7 6. O-O Be7 7. Re1 Ne4 8. d4
Nxc3 9. bxc3 Be4 10. Bf1 Bxf3 11. exf3 Nc6 12. d5 Na5 13. Bd3 O-O 14. f4 Bf6
15. Bd2 Qc7 16. Qf3 g6 17. h4 Rae8 18. h5 Bg7 19. Kg2 f5 20. Rh1 Kf7 21. Rag1
Qd6 22. g4 Rg8 23. Kf1 Bf6 24. hxg6+ hxg6 25. gxf5 exf5 26. Rh6 Qf8 27. Qh3 Rg7
28. Rg3 Nb7 29. Bxf5 gxf5 30. Qh5+ Ke7 31. Re3+ Kd8 32. Rxf6 Qxf6 33. Qxe8+ Kc7
34. Qe5+ Qxe5 35. fxe5 Na5 36. Re2 Nxc4 37. Bh6 Rg6 38. Bf4 Rg4 39. Bc1 Re4 40.
f4 Rxe2 41. Kxe2 b5 42. a4 a6 43. axb5 axb5 44. d6+ Kc6 45. Kd3 Kd5 46. Bd2 Na5
47. Be1 Nb7 48. Bh4 c4+ 49. Ke3 Nc5 50. Bd8 Nd3 51. Ba5 Nc1 52. Bb4 Nb3 53. Ke2
Nc1+ 54. Kd2 Nd3 55. Ke3 Ne1 56. Kf2 Nd3+ 57. Ke3 Ne1 1/2-1/2

[Event "Top16 Chalons"]
[Site "Chalons en Champagne"]
[Date "2009.05.3"]
[Round "7.3"]
[White "Svetushkin, Dmitry"]
[Black "Parligras, Mircea"]
[Result "1/2-1/2"]
[WhiteElo "2615"]
[BlackElo "2586"]
[WhiteTeam "Metz Fischer"]
[BlackTeam "Antibes"]

1. d4 Nf6 2. c4 e6 3. Nc3 Bb4 4. Qc2 O-O 5. a3 Bxc3+ 6. Qxc3 b6 7. Nf3 Bb7 8.
e3 a5 9. b3 d6 10. Be2 Nbd7 11. O-O Qe7 12. Bb2 c5 13. dxc5 bxc5 14. Nd2 e5 15.
Rad1 Rfe8 16. Rfe1 h5 17. Bf1 h4 18. h3 e4 19. Nb1 Ne5 20. Qd2 d5 21. Nc3 dxc4
22. bxc4 Rad8 23. Qc2 Nd3 24. Bxd3 exd3 25. Rxd3 Rxd3 26. Qxd3 Bxg2 27. Kxg2
Qb7+ 28. Kf1 Qxb2 29. Rb1 Qxa3 30. Qc2 Rd8 31. Rb3 Qa1+ 32. Rb1 Qa3 33. Ke2 Nh5
34. Rb3 Qa1 35. Rb1 Qa3 36. Kf3 Nf6 37. Rb3 Qa1 38. Rb1 Qa3 39. Ke2 Nh5 1/2-1/2

[Event "Top16 Chalons"]
[Site "Chalons en Champagne"]
[Date "2009.05.3"]
[Round "7.5"]
[White "Koch, Jean-Rene"]
[Black "Acher, Mathieu"]
[Result "1-0"]
[WhiteElo "2453"]
[BlackElo "2381"]
[WhiteTeam "Metz Fischer"]
[BlackTeam "Antibes"]

1. e4 e5 2. f4 exf4 3. Bc4 Nf6 4. Nc3 c6 5. Bb3 d5 6. exd5 cxd5 7. d4 Bd6 8.
Nge2 O-O 9. O-O g5 10. g3 Bh3 11. Rf2 f3 12. Rxf3 Bg4 13. Re3 Nc6 14. Qf1 h6
15. h3 Bxe2 16. Nxe2 Na5 17. Qf5 Nxb3 18. axb3 Re8 19. Nc3 Rxe3 20. Bxe3 Be7
21. h4 Qd6 22. Qe5 Ng4 23. Qxd6 Bxd6 24. Bf2 gxh4 25. gxh4 Nf6 26. Nb5 Bb8 27.
Kg2 a6 28. c4 Bf4 29. Kf3 Bh2 30. Nc3 Rd8 31. Re1 Rd7 32. c5 h5 33. Bg3 Bxg3
34. Kxg3 Kg7 35. Kf4 Kg6 36. Re5 Rd8 37. b4 Rd7 38. b3 Rd8 39. Rg5+ Kh6 40. Re5

[Event "Top16 Chalons"]
[Site "Chalons en Champagne"]
[Date "2009.05.3"]
[Round "7.6"]
[White "Miralles, Gilles"]
[Black "Neiman, Emmanuel"]
[Result "1/2-1/2"]
[WhiteElo "2477"]
[BlackElo "2355"]
[WhiteTeam "Antibes"]
[BlackTeam "Metz Fischer"]

1. e4 d6 2. d4 Nf6 3. Nc3 g6 4. Be3 Bg7 5. Qd2 Nbd7 6. Bh6 Bxh6 7. Qxh6 c6 8.
O-O-O e5 9. Nf3 Qe7 10. Bc4 Nb6 11. Bb3 Be6 12. h3 Bxb3 13. axb3 O-O-O 14. Rhe1
Ne8 15. dxe5 dxe5 16. Rxd8+ Kxd8 17. Nh2 Kc8 18. Ng4 f6 19. g3 Nd7 20. Rd1 Ng7
21. Ne3 Ne6 22. f4 Qf8 23. Qxf8+ Rxf8 24. f5 Nd4 25. b4 Kc7 26. Re1 Nb6 27. b3
Nc8 28. Kb2 Nd6 29. Rf1 1/2-1/2

[Event "Top16 Chalons"]
[Site "Chalons en Champagne"]
[Date "2009.05.3"]
[Round "7.7"]
[White "Pucher, Olivier"]
[Black "Perez, Flavio"]
[Result "1-0"]
[WhiteElo "2313"]
[BlackElo "2275"]
[WhiteTeam "Metz Fischer"]
[BlackTeam "Antibes"]

1. d4 g6 2. c4 Bg7 3. e4 d6 4. Nc3 Nd7 5. Nf3 e5 6. Be2 Ngf6 7. O-O h6 8. Qc2
Nh7 9. dxe5 dxe5 10. Be3 Nhf8 11. Rad1 Ne6 12. c5 O-O 13. c6 bxc6 14. Na4 Qf6
15. Qxc6 Rb8 16. Rxd7 Bxd7 17. Qxd7 g5 18. Qc6 g4 19. Nd2 Nf4 20. Qc4 Rfd8 21.
Bxg4 Qg5 22. Bf3 Bf8 23. Qc2 Bb4 24. Nc3 c6 25. Kh1 Qf6 26. a3 Be7 27. Bxa7 Ra8
28. Be3 Kh8 29. Ne2 c5 30. Nc4 Ne6 31. Ng3 Bf8 32. Nf5 Nd4 33. Bxd4 cxd4 34.
Be2 d3 35. Bxd3 Ra7 36. Nce3 Qg5 37. Nd5 h5 38. g3 Bh6 39. f4 exf4 40. gxf4 Qg6
41. Rg1 Qe6 42. Qc3+ 1-0

[Event "Top16 Chalons"]
[Site "Chalons en Champagne"]
[Date "2009.05.3"]
[Round "7.8"]
[White "Cochet, Caroline"]
[Black "Leclair, Marie"]
[Result "1-0"]
[WhiteElo "2052"]
[BlackElo "1987"]
[WhiteTeam "Antibes"]
[BlackTeam "Metz Fischer"]

1. e4 c5 2. Nf3 Nc6 3. Bb5 g6 4. O-O Bg7 5. Bxc6 bxc6 6. d3 Rb8 7. Nc3 e5 8. h3
Ne7 9. Nh2 d6 10. Rb1 O-O 11. f4 f5 12. Kh1 Be6 13. fxe5 dxe5 14. Be3 Qa5 15.
Nf3 f4 16. Bd2 Qc7 17. b3 Nc8 18. Qe1 Qe7 19. Qf2 Rf7 20. Na4 Bf8 21. Nxe5 Bxh3
22. Nxf7 Bxg2+ 23. Kxg2 Qxf7 24. Qxf4 Qxf4 25. Rxf4 h5 26. Rbf1 Bd6 27. Rf6 Kg7
28. e5 Be7 29. Rf7+ Kg8 30. Bc3 c4 31. e6 1-0

[Event "Top16 Chalons"]
[Site "Chalons en Champagne"]
[Date "2009.05.3"]
[Round "7.1"]
[White "Meier, Georg"]
[Black "Colovic, Aleksandar"]
[Result "1-0"]
[WhiteElo "2641"]
[BlackElo "2443"]
[WhiteTeam "Vandoeuvre"]
[BlackTeam "Grasse"]

1. e4 e5 2. Nf3 Nc6 3. Bb5 a6 4. Bxc6 dxc6 5. O-O f6 6. d4 Bg4 7. c3 Bd6 8. Be3
Ne7 9. Nbd2 O-O 10. Nc4 b5 11. Nxd6 cxd6 12. dxe5 dxe5 13. Qb3+ Kh8 14. Nd2 f5
15. f3 f4 16. Bc5 Qxd2 17. Rad1 Qe2 18. Rf2 Qc4 19. Qxc4 bxc4 20. Bxe7 Rfe8 21.
Bd6 Bh5 22. Bc7 Kg8 23. Rd7 Re6 24. Ba5 Be8 25. Rb7 Rd6 26. g3 Rd1+ 27. Rf1 Rd2
28. Rf2 Rd1+ 29. Kg2 Bd7 30. Bc7 fxg3 31. hxg3 Re8 32. Rb6 Re6 33. Rf1 Rd2+ 34.
Rf2 Rd1 35. Rb8+ Kf7 36. f4 exf4 37. Rxf4+ Rf6 38. Be5 Rxf4 39. gxf4 Rd2+ 40.
Kg3 Rd3+ 41. Kf2 Rd2+ 42. Ke1 Rd3 43. Bd4 Rf3 44. Rb7 Ke8 45. Bc5 Kd8 46. Bb6+
Ke7 47. Bc5+ Kd8 48. Rb8+ Bc8 49. Bb6+ Kd7 50. e5 c5 51. e6+ Kc6 52. Rxc8+ Kxb6
53. Kd2 Rd3+ 54. Ke2 Rd6 55. f5 Rd5 56. Rf8 Kc6 57. Kf3 Re5 58. Rf7 g6 59. Kf4
Re1 60. f6 Rxe6 61. Kg5 Kd6 62. Rxh7 Re2 63. Rb7 Rf2 64. Rb6+ Kd7 65. Kh6 g5
66. Kg7 g4 67. f7 Ke7 68. Rb7+ Ke6 69. f8=Q Rxf8 70. Kxf8 Kf5 71. Rg7 Kf4 72.
Ke7 g3 73. Kd6 1-0

[Event "Top16 Chalons"]
[Site "Chalons en Champagne"]
[Date "2009.05.3"]
[Round "7.2"]
[White "Eliet, Nicolas"]
[Black "Bauer, Christian"]
[Result "1/2-1/2"]
[WhiteElo "2429"]
[BlackElo "2605"]
[WhiteTeam "Grasse"]
[BlackTeam "Vandoeuvre"]

1. d4 d6 2. Nf3 g6 3. e4 Nf6 4. Nc3 c6 5. Be3 b5 6. e5 Ng4 7. Bf4 dxe5 8. dxe5
Qxd1+ 9. Rxd1 Bh6 10. Bg3 Bg7 11. h3 Nh6 12. Bd3 a6 13. O-O Nd7 14. Rfe1 Nc5
15. Bf1 Nf5 16. Bf4 h5 17. Ne4 Ne6 18. Bc1 Ra7 19. b3 Rc7 20. Ba3 c5 21. c3 O-O
22. Neg5 Nxg5 23. Nxg5 e6 24. g3 Bb7 25. Bg2 Bxg2 26. Kxg2 a5 27. g4 hxg4 28.
hxg4 Ne7 29. c4 b4 30. Bc1 Nc6 31. f4 Rd8 32. Rxd8+ Nxd8 33. Rd1 Nb7 34. Be3
Bf8 35. Ne4 Be7 36. Kf3 Kf8 37. a4 bxa3 38. Ra1 Rc6 39. Rxa3 Rb6 40. Nc3 f6 41.
Na4 Rc6 42. Ra2 fxe5 43. fxe5 Nd8 44. Ke4 Nf7 45. Bd2 Bd8 46. Be3 Be7 47. Bd2
Bd8 48. Be3 1/2-1/2

[Event "Top16 Chalons"]
[Site "Chalons en Champagne"]
[Date "2009.05.3"]
[Round "7.3"]
[White "Landa, Konstantin"]
[Black "Andonov, Bogomil"]
[Result "1-0"]
[WhiteElo "2627"]
[BlackElo "2321"]
[WhiteTeam "Vandoeuvre"]
[BlackTeam "Grasse"]

1. d4 Nf6 2. Nf3 d5 3. c4 c6 4. Qb3 e6 5. Bg5 Nbd7 6. Nc3 Be7 7. e3 O-O 8. Bd3
b6 9. O-O Bb7 10. Rfd1 h6 11. Bh4 Nh5 12. Bxe7 Qxe7 13. Rac1 Nhf6 14. cxd5 cxd5
15. Nb5 a6 16. Nc7 Ra7 17. a4 Rc8 18. Rc2 Ne8 19. Nxe8 Qxe8 20. Ne5 Rxc2 21.
Bxc2 Nxe5 22. dxe5 Bc6 23. Qxb6 Rb7 24. Qxa6 Rxb2 25. Rc1 Rb4 26. Bd1 Bd7 27.
Qd6 Rc4 28. Rxc4 dxc4 29. Qb4 c3 30. a5 Qc8 31. Bc2 g6 32. f4 Kg7 33. Kf2 Qc6
34. h4 Bc8 35. Be4 Qc7 36. Kg3 Bb7 37. Bc2 Qc6 38. e4 h5 39. Qb6 Qc8 40. f5 Ba6
41. f6+ Kh7 42. Qd6 Kg8 43. Qe7 Bb5 44. Kh2 Ba6 45. Qd6 Bb5 46. Kh3 Ba6 47. Kg3
Bb5 48. Qe7 Ba6 49. Kf4 Bb5 50. Kg5 Ba6 51. Kf4 Bb5 52. Kg3 Ba6 53. Kh3 Bb5 54.
Kh2 Ba6 55. Ba4 Bb5 56. Bxb5 c2 57. Be8 1-0

[Event "Top16 Chalons"]
[Site "Chalons en Champagne"]
[Date "2009.05.3"]
[Round "7.4"]
[White "Dobrev, Nanko"]
[Black "Nijboer, Friso"]
[Result "0-1"]
[WhiteElo "2366"]
[BlackElo "2562"]
[WhiteTeam "Grasse"]
[BlackTeam "Vandoeuvre"]

1. d4 f5 2. e4 fxe4 3. Nc3 Nf6 4. Bg5 Nc6 5. d5 Ne5 6. Qd4 Nf7 7. Bxf6 exf6 8.
Qxe4+ Qe7 9. Qxe7+ Bxe7 10. O-O-O a6 11. Re1 b6 12. d6 Nxd6 13. Nd5 Kd8 14.
Rxe7 Bb7 15. Rxg7 Bxd5 16. Nh3 c6 17. Bd3 Rg8 18. Rxh7 Bxg2 19. Rg1 Kc7 20. Nf4
Bd5 21. Rg6 f5 22. h4 Rxg6 23. Nxg6 Rg8 24. h5 c5 25. Kd2 Bxa2 26. Nf4 Rg4 0-1

[Event "Top16 Chalons"]
[Site "Chalons en Champagne"]
[Date "2009.05.3"]
[Round "7.5"]
[White "Philippe, Christophe"]
[Black "Shoker, Samy"]
[Result "0-1"]
[WhiteElo "2435"]
[BlackElo "2404"]
[WhiteTeam "Vandoeuvre"]
[BlackTeam "Grasse"]

1. e4 g6 2. d4 Bg7 3. Nc3 d6 4. Be3 a6 5. Qd2 Nd7 6. Nf3 b5 7. Bd3 c5 8. O-O
Bb7 9. Rfe1 cxd4 10. Bxd4 Ngf6 11. Nd5 O-O 12. Nxf6+ Nxf6 13. a4 Bc6 14. axb5
axb5 15. Qe2 e5 16. Bc3 Qd7 17. Bb4 Rfe8 18. Rad1 d5 19. Nd2 Ra2 20. b3 Rc8 21.
f3 dxe4 0-1

[Event "Top16 Chalons"]
[Site "Chalons en Champagne"]
[Date "2009.05.3"]
[Round "7.6"]
[White "Karim, Ismael"]
[Black "Brunner, Nicolas"]
[Result "1/2-1/2"]
[WhiteElo "2410"]
[BlackElo "2398"]
[WhiteTeam "Grasse"]
[BlackTeam "Vandoeuvre"]

1. e4 c5 2. Nf3 d6 3. d4 cxd4 4. Nxd4 Nf6 5. Nc3 a6 6. h3 b5 7. Nd5 e6 8. Nxf6+
Qxf6 9. Bd3 Bb7 10. O-O Nd7 11. Nb3 Nc5 12. Qe2 Qd8 13. Bd2 Be7 14. Na5 Qd7 15.
Nxb7 Qxb7 16. Bb4 Rc8 17. Bxc5 dxc5 18. e5 O-O 19. a4 Rb8 20. b3 b4 21. Rad1
1/2-1/2

[Event "Top16 Chalons"]
[Site "Chalons en Champagne"]
[Date "2009.05.3"]
[Round "7.7"]
[White "Genzling, Alain"]
[Black "Forestier, Carole"]
[Result "1-0"]
[WhiteElo "2317"]
[BlackElo "2099"]
[WhiteTeam "Vandoeuvre"]
[BlackTeam "Grasse"]

1. e4 e6 2. d4 d5 3. Nc3 Nf6 4. Bg5 Bb4 5. e5 h6 6. Bd2 Bxc3 7. bxc3 Ne4 8. Qg4
g6 9. Bd3 Nxd2 10. Kxd2 c5 11. Nf3 Nc6 12. Qf4 Qe7 13. Rhb1 b6 14. Bb5 Bd7 15.
Bxc6 Bxc6 16. a4 Kd7 17. a5 g5 18. Qf6 g4 19. Qxe7+ Kxe7 20. Ne1 Rhb8 21. axb6
axb6 22. Rxa8 Bxa8 23. dxc5 b5 24. Ra1 Bc6 25. Ra7+ Rb7 26. Rxb7+ Bxb7 27. Ke3
f6 28. Kf4 f5 29. g3 Kd7 30. Nd3 Kc7 31. Ke3 Bc6 32. Kd2 Kb7 33. Nb4 Kc7 34.
Kc1 Be8 35. Kb2 Kb7 36. Kb3 Bf7 37. Nd3 Kc6 38. Kb4 Be8 39. Nf4 Bd7 40. Ne2 Kb7
41. Nd4 Ka6 42. c6 Bc8 43. Kc5 1-0

[Event "Top16 Chalons"]
[Site "Chalons en Champagne"]
[Date "2009.05.3"]
[Round "7.8"]
[White "Forestier, Flavien"]
[Black "Steil-Antoni, Fiona"]
[Result "0-1"]
[WhiteElo "2164"]
[BlackElo "2115"]
[WhiteTeam "Grasse"]
[BlackTeam "Vandoeuvre"]

1. c4 e6 2. d4 d5 3. Nf3 Nf6 4. Nc3 Be7 5. Bg5 O-O 6. e3 h6 7. Bh4 b6 8. Bd3
Bb7 9. O-O Nbd7 10. Qe2 Ne4 11. Bxe7 Qxe7 12. Nd2 Ndf6 13. f3 Nxd2 14. Qxd2 c5
15. cxd5 cxd4 16. exd4 Nxd5 17. Rad1 Rfd8 18. Bb1 Rac8 19. Qd3 g6 20. Ne4 Kg7
21. g3 Qb4 22. Rf2 Qa4 23. h4 Nb4 24. Qd2 Nc6 25. d5 Rxd5 26. Bc2 Rxd2 27. Bxa4
Rxd1+ 28. Bxd1 Nd4 29. Rd2 Bxe4 30. Rxd4 Bd5 31. a3 Kf6 32. Kf2 g5 33. Ke3 Ke5
34. hxg5 hxg5 35. Rd2 Rh8 36. g4 Rh1 37. Ba4 f5 38. gxf5 exf5 39. Rf2 Rh3 40.
Bd1 g4 41. Rd2 f4+ 42. Kf2 Bxf3 43. Bxf3 Rxf3+ 0-1